000
00267nam a22000977a 4500
999
_c
11231
_d
11231
008
181106b ||||| |||| 00| 0 eng d
020
_a
9387516644
100
_a
Gandhi Poonam
_9
6983
245
_a
Business Studies-XII
260
_a
New Delhi
_b
VK Global Publications
_c
2018-19